[Event "Challenge"]
[Site "http://www.queenalice.com/game.php?id=308668"]
[Date "2007.11.23"]
[Round "-"]
[White "tiagoaf"]
[Black "cesarcalegari"]
[Result "1-0"]
[WhiteElo "1245"]
[BlackElo "1010"]

1. e3 e5 2. Qf3 Nf6 3. d4 d6 4. dxe5 dxe5 5. c4 Bb4+ 6. Nd2 a5 7. a3 Bc5 8. Ne4
Ba7 9. Nh3 Bg4 10. Nxf6+ gxf6 11. Qxg4 Bc5 12. Qg7 Rf8 13. Qxh7 Ra6 14. g4 Rd6
15. Qc2 Bb4+ 16. Ke2 Qc8 17. Qa4+ c6 18. Bg2 Qxg4+ 19. Kf1 Rd1+ 20. Qxd1 Ke7 21.
Qxg4 Rd8 22. axb4 axb4 23. c5 Na6 24. f4 exf4 25. Nxf4 Nxc5 26. Ra7 Rb8 27. h4
Kd8 28. Qg8+ Kc7 29. Qxf7+ Nd7 30. Ne6+ Kb6 31. Ra4 Ne5 32. Rxb4+ Ka5 33. Qc7+
Kxb4 34. Qxb8 b5 35. h5 Nf7 36. Bxc6 Ne5 37. Qxb5# 1-0

[Event "Challenge"]
[Site "http://www.queenalice.com/game.php?id=314136"]
[Date "2007.12.3"]
[Round "-"]
[White "clodoaldopaiva"]
[Black "tiagoaf"]
[Result "1-0"]
[WhiteElo "1397"]
[BlackElo "1266"]

1. e4 d6 2. d4 c5 3. Be3 cxd4 4. Bxd4 g5 5. Bxh8 Nf6 6. Nf3 h6 7. Bb5+ Nc6 8. e5
dxe5 9. Nxe5 Qxd1+ 10. Kxd1 a6 11. Ba4 Nd7 12. Re1 Ncxe5 13. Bxe5 b5 14. Bb3
Nxe5 15. Rxe5 Be6 16. Bxe6 fxe6 17. Nc3 Rd8+ 18. Ke1 g4 19. Rxe6 h5 20. f4 gxf3
21. gxf3 h4 22. Rd1 h3 23. Rxd8+ Kxd8 24. Rxa6 b4 25. Nd5 Kd7 26. Nxb4 e6 27. a3
e5 28. c4 Kc7 29. Ra8 Bd6 30. Nc2 Kc6 31. b4 Kb7 32. Rd8 Kc7 33. Rxd6 Kxd6 34.
c5+ Kc6 35. Kf2 Kd5 36. Kg3 Kc4 37. c6 Kc3 38. c7 Kxc2 39. c8=Q+ Kb3 40. b5 Kxa3
41. b6 Ka4 42. b7 e4 43. b8=Q Ka3 44. Qa6# 1-0

[Event "Challenge"]
[Site "http://www.queenalice.com/game.php?id=317400"]
[Date "2007.12.9"]
[Round "-"]
[White "BraulioFerreira"]
[Black "tiagoaf"]
[Result "1-0"]
[WhiteElo "1623"]
[BlackElo "1268"]

1. d4 d5 2. c4 dxc4 3. Nf3 Na6 4. e4 Nb4 5. Bxc4 h5 6. Bd2 a5 7. Bxb4 axb4 8.
Nbd2 Ra5 9. Nb3 Ra7 10. a3 bxa3 11. bxa3 f6 12. Qc2 e6 13. a4 Rh6 14. Nc5 Qd6
15. O-O h4 16. Nd3 1-0

[Event "Challenge"]
[Site "http://www.queenalice.com/game.php?id=337927"]
[Date "2008.1.17"]
[Round "-"]
[White "fferraz"]
[Black "tiagoaf"]
[Result "0-1"]
[WhiteElo "1390"]
[BlackElo "1279"]

1. d4 Na6 2. e4 d6 3. Qd3 Nh6 4. Nc3 c5 5. Nb5 Qb6 6. e5 Rb8 7. exd6 Bf5 8. dxc5
Qa5+ 9. Bd2 Nb4 10. Bxb4 Qxb4+ 11. c3 Qxb2 12. d7+ Kd8 13. Rb1 Qxb1+ 14. Qxb1
Bxb1 15. c6 bxc6 16. Nxa7 Kxd7 17. h4 e6 18. Nf3 Ra8 19. Ne5+ Kc7 20. Naxc6 Rxa2
21. Bc4 Ra4 22. Nd4 f6 23. Nb5+ Kd8 24. Nc6+ Kc8 25. Bxe6+ Kb7 26. Nd8+ Kb6 27.
c4 Bb4+ 28. Ke2 Ra2+ 29. Kf3 Bd3 30. Rd1 Rxd8 31. Rb1 Bxb1 32. Kg3 Rd3+ 33. f3
Rf2 34. Kxf2 Rd2+ 35. Ke3 Nf5+ 36. Kf4 Nxh4 37. g3 Ng2+ 38. Kg4 f5+ 39. Bxf5
Ne3+ 40. Kf4 Nxf5 41. g4 Nd4 42. Nxd4 Rxd4+ 43. Ke3 Rxc4 44. f4 Re4+ 45. Kf3 Bd6
46. f5 Rf4+ 47. Ke2 Rxg4 48. Kd1 Rg1+ 49. Kd2 Bxf5 50. Kc3 Rc1+ 51. Kd4 Bc5+ 52.
Ke5 g6 53. Kf6 h6 54. Kg7 h5 55. Kh6 h4 56. Kg5 h3 57. Kh4 h2 58. Kg3 h1=Q 59.
Kf4 Bd6+ 60. Kg5 Rg1+ 61. Kf6 Qh8+ 62. Kf7 Qf8# 0-1

[Event "Challenge"]
[Site "http://www.queenalice.com/game.php?id=342209"]
[Date "2008.1.24"]
[Round "-"]
[White "clodoaldopaiva"]
[Black "tiagoaf"]
[Result "1-0"]
[WhiteElo "1423"]
[BlackElo "1255"]

1. d3 c6 2. e4 Na6 3. d4 c5 4. Nf3 h6 5. Be3 Qa5+ 6. c3 c4 7. Bxc4 b5 8. Bd5 Nc7
9. Bf4 Nxd5 10. exd5 Bb7 11. b4 Qa4 12. O-O Bxd5 13. Nbd2 Bxa2 14. Ne5 Qa3 15.
Qf3 Rc8 16. Qb7 Kd8 17. Qxd7# 1-0

[Event "Challenge"]
[Site "http://www.queenalice.com/game.php?id=351206"]
[Date "2008.2.9"]
[Round "-"]
[White "clodoaldopaiva"]
[Black "tiagoaf"]
[Result "0-1"]
[WhiteElo "1413"]
[BlackElo "1255"]

1. e4 Na6 2. d4 d6 3. Bd3 f6 4. Be3 e5 5. Nf3 Nh6 6. c4 b6 7. c5 Nb4 8. Qa4+ Bd7
9. Qxb4 bxc5 10. dxc5 dxc5 11. Bxc5 Rb8 12. Qa4 Bxa4 13. Nc3 Qxd3 14. Nxa4 Rd8
15. Nc3 Bxc5 16. Rd1 Qc2 17. Rxd8+ Kxd8 18. O-O Re8 19. Ne1 Qxb2 20. Na4 Qa3 21.
Nxc5 Qxc5 22. Nd3 Qc2 23. Nb4 Qxe4 24. Rc1 Qxb4 25. h3 e4 26. Re1 Qxe1+ 0-1

[Event "Desafiado!"]
[Site "http://www.queenalice.com/game.php?id=363163"]
[Date "2008.2.29"]
[Round "-"]
[White "tiagoaf"]
[Black "gruber"]
[Result "0-1"]
[WhiteElo "1299"]
[BlackElo "1324"]

1. e3 e5 2. c3 Nc6 3. g3 Nf6 4. g4 d6 5. h3 h5 6. g5 Nd5 7. Bc4 Nb6 8. Bd3 Qxg5
9. Nf3 Qe7 10. O-O Bxh3 11. b3 Bxf1 12. Kxf1 e4 13. Be2 exf3 14. Bxf3 h4 15. Na3
h3 16. Ke2 g5 17. c4 Nd4+ 18. Kf1 h2 19. exd4 h1=Q+ 20. Bxh1 Rxh1+ 21. Kg2 Rxd1
22. Nb5 Qe4+ 23. Kg3 Rg1+ 24. Kh3 Qh4# 0-1

[Event "Challenge"]
[Site "http://www.queenalice.com/game.php?id=365685"]
[Date "2008.3.4"]
[Round "-"]
[White "clodoaldopaiva"]
[Black "tiagoaf"]
[Result "0-1"]
[WhiteElo "1415"]
[BlackElo "1284"]

1. c4 d5 2. Na3 dxc4 3. Nxc4 Na6 4. e3 Nb4 5. Qa4+ Nc6 6. Ne5 e6 7. Qf4 Nxe5 8.
Qxe5 f6 9. Qg3 h6 10. Qf3 Bd6 11. Qg4 f5 12. Qxg7 Qf6 13. Qxf6 Nxf6 14. d4 a6
15. a4 O-O 16. e4 fxe4 17. Bxh6 Rf7 18. Be2 Bb4+ 19. Kd1 Rd7 20. Kc2 Rxd4 21. f3
e3 22. Nh3 e5 23. f4 e4 24. Rad1 c5 25. Rxd4 cxd4 26. g4 d3+ 27. Bxd3 exd3+ 28.
Kxd3 Bxg4 29. Rg1 Re8 30. Bg5 e2 31. Kc4 e1=Q 32. Rxe1 Bxe1 33. Bxf6 Bxh3 34.
Kd5 Re2 35. Kd6 Rxh2 36. b4 Rf2 37. Be5 Bxb4+ 38. Kc7 Bg2 39. Kd7 b5 40. axb5
axb5 41. Ke6 Ba3 42. f5 b4 43. Bd6 Bh3 44. Bxb4 Bxb4 45. Ke5 Bxf5 46. Kd5 Rf4
47. Ke5 Bd2 48. Kd5 Kf7 49. Ke5 Bd3 50. Kd5 Bc3 51. Kc5 Rf5+ 52. Kd6 Bb4+ 53.
Kc6 Be4+ 54. Kb6 Ke7 55. Kc7 Bd6+ 56. Kb6 Rc5 57. Ka6 Bd3+ 58. Kb6 Kd7 59. Kb7
Rb5+ 60. Ka6 Kc7 61. Ka7 Bc5+ 62. Ka6 Rb3+ 63. Ka5 Ra3# 0-1

[Event "1 x 0"]
[Site "http://www.queenalice.com/game.php?id=369121"]
[Date "2008.3.11"]
[Round "-"]
[White "tiagoaf"]
[Black "fferraz"]
[Result "1-0"]
[WhiteElo "1292"]
[BlackElo "1320"]

1. e3 Nc6 2. Qf3 Ne5 3. Qe4 d6 4. c4 f5 5. Qd5 Nf6 6. Qb5+ c6 7. Qb3 Qa5 8. f4
Neg4 9. h3 d5 10. hxg4 dxc4 11. Qxc4 fxg4 12. Be2 b5 13. Qxc6+ Nd7 14. Qxa8 Nb6
15. Qb8 b4 16. Qc7 b3 17. a3 Nc4 18. Qxc8+ Qd8 19. Qxc4 h5 20. Qxb3 Rh6 21. Qa4+
Kf7 22. Qxa7 Kg8 23. f5 e6 24. fxe6 Rxe6 25. Qa5 Qf6 26. Rxh5 g3 27. a4 Qf2+ 28.
Kd1 Rc6 29. Qd5+ Qf7 30. Qxc6 g6 31. Bc4 gxh5 32. Bxf7+ Kxf7 33. Qf3+ Ke7 34.
Qxg3 Kd8 35. Qg5+ Be7 36. Qxh5 1-0

[Event "Challenge"]
[Site "http://www.queenalice.com/game.php?id=369492"]
[Date "2008.3.12"]
[Round "-"]
[White "kingrey"]
[Black "tiagoaf"]
[Result "1-0"]
[WhiteElo "1322"]
[BlackElo "1334"]

1. d4 d6 2. c4 Nh6 3. b3 f6 4. Nc3 c5 5. d5 g5 6. g3 Na6 7. Bg2 Bg7 8. Qd3 f5 9.
Bxg5 O-O 10. Nf3 b6 11. O-O Nc7 12. e4 b5 13. cxb5 Nxb5 14. Nxb5 Bxa1 15. Rxa1
a6 16. Qc3 axb5 17. Bxh6 Rf6 18. Bg5 b4 19. Qc4 Qa5 20. exf5 Bxf5 21. Nh4 Rg6
22. Nxg6 hxg6 23. Qh4 e6 24. dxe6 Bxe6 25. Bxa8 Qxa8 26. Be7 Qf3 27. Bf6 Bd5 28.
Qh8+ Kf7 29. Qg7+ Ke6 30. Re1+ Be4 31. Qe7+ Kd5 32. Rxe4 Qd1+ 33. Re1 Qf3 34.
Qb7# 1-0

[Event "Challenge"]
[Site "http://www.queenalice.com/game.php?id=370137"]
[Date "2008.3.12"]
[Round "-"]
[White "tiagoaf"]
[Black "gruber"]
[Result "0-1"]
[WhiteElo "1305"]
[BlackElo "1375"]

1. e3 e6 2. c3 c5 3. d4 cxd4 4. cxd4 Bb4+ 5. Nd2 d5 6. a3 Qa5 7. f4 Bd7 8. Qb3
Ba4 9. Qxb4 Qxb4 10. axb4 b5 11. b3 Bxb3 12. Nxb3 Nc6 13. Bxb5 Rc8 14. h4 Kd8
15. Na5 Nxb4 16. Ba3 Nc2+ 17. Kd1 Nxa1 18. Nc6+ Kc7 19. Nxa7 Ra8 20. Bc5 Nb3 21.
Nc6 Nf6 22. Bb4 Ne4 23. Ke2 Ng3+ 24. Kf3 Nxh1 25. Be1 Kb6 26. Bd3 Kxc6 27. g4
Ra2 28. Ne2 Nd2+ 29. Kg2 Rb8 30. Kxh1 Rb3 31. Bxh7 Rxe3 32. Ng1 Nf3 33. f5 Rh2#
0-1

[Event "O Retorno de Jedi"]
[Site "http://www.queenalice.com/game.php?id=370139"]
[Date "2008.3.12"]
[Round "-"]
[White "tiagoaf"]
[Black "Johansen"]
[Result "0-1"]
[WhiteElo "1309"]
[BlackElo "1048"]

1. e3 e5 2. b3 Nf6 3. g3 Be7 4. Nh3 d6 5. c4 Be6 6. d4 O-O 7. d5 Bd7 8. f4 exf4
9. gxf4 Qc8 10. Rg1 Bxh3 11. Be2 Bg4 12. Bxg4 Nxg4 13. Rxg4 f5 14. Rg1 Bh4+ 15.
Kf1 g6 16. a4 Na6 17. a5 Nb4 18. Ra4 Na6 19. b4 c6 20. b5 Nc5 21. Rb4 cxd5 22.
Qxd5+ Kh8 23. Qxd6 Ne4 24. Qd1 Nf2 25. Qe1 Nd3 26. Qxh4 Nxb4 27. Ba3 Nc2 28.
Bxf8 Nxe3+ 29. Ke2 Qxf8 30. Kxe3 Qc5+ 31. Ke2 Re8+ 32. Kf1 Qxc4+ 33. Kf2 Re2+
34. Kf1 Rxh2+ 35. Ke1 Rxh4 36. Nd2 Qc1+ 37. Kf2 Qxd2+ 38. Kg3 Qxf4+ 39. Kg2 Rh2#
0-1

[Event "Valendoooo....."]
[Site "http://www.queenalice.com/game.php?id=378473"]
[Date "2008.3.28"]
[Round "-"]
[White "tiagoaf"]
[Black "cesarcalegari"]
[Result "1-0"]
[WhiteElo "1309"]
[BlackElo "1343"]

1. e3 b6 2. Bc4 e6 3. Na3 d5 4. Bd3 Qg5 5. f4 Qxg2 6. Bb5+ c6 7. Qf3 Qg6 8. Bd3
f5 9. c4 Nf6 10. h3 Nh5 11. cxd5 cxd5 12. Nb5 Nc6 13. Nc7+ Kd8 14. Nxa8 Nb4 15.
a3 Nxd3+ 16. Kd1 Bb7 17. Qe2 Ba6 18. Nf3 Ndxf4 19. Qe1 Qf7 20. exf4 Nxf4 21. Qe5
Ke7 22. Qxf4 Qf6 23. Qc7+ Ke8 24. Qxa7 Bc8 25. Qb8 Qd8 26. Nxb6 g6 27. Nxc8 Bc5
28. b4 Kf7 29. bxc5 Qd7 30. Nd6+ Kg7 31. Bb2+ d4 32. Bxd4+ Kh6 33. Qxh8 Qc6 34.
Qg7+ Kh5 35. Qxh7# 1-0

[Event "2 x 0"]
[Site "http://www.queenalice.com/game.php?id=380007"]
[Date "2008.3.31"]
[Round "-"]
[White "tiagoaf"]
[Black "fferraz"]
[Result "1-0"]
[WhiteElo "1326"]
[BlackElo "1339"]

1. e3 Nf6 2. Nh3 d5 3. Na3 d4 4. exd4 Qxd4 5. Qf3 Bg4 6. c3 Qe5+ 7. Qe3 Qf5 8.
Nb5 Nd5 9. Nxc7+ Kd8 10. Nxd5 Qc2 11. f3 Bh5 12. Ndf4 g6 13. Nxh5 gxh5 14. g4
hxg4 15. fxg4 h5 16. gxh5 Rxh5 17. Qf3 Re5+ 18. Be2 f6 19. b3 Na6 20. Qxb7 Rc8
21. Qxa6 Qe4 22. O-O Qg4+ 23. Bxg4 f5 24. d4 Rd5 25. c4 Rxd4 26. Bxf5 Rd6 27.
Bxc8 Rxa6 28. Bxa6 e5 29. Rxf8+ Ke7 30. Ba3+ 1-0

[Event "Challenge"]
[Site "http://www.queenalice.com/game.php?id=381321"]
[Date "2008.4.3"]
[Round "-"]
[White "tiagoaf"]
[Black "carolindaia"]
[Result "1/2-1/2"]
[WhiteElo "1326"]
[BlackElo "986"]

1. e3 d6 2. Nh3 Nd7 3. b3 Nb6 4. f3 e5 5. f4 exf4 6. Nxf4 d5 7. c4 dxc4 8. bxc4
Qh4+ 9. g3 Qf6 10. Nd5 Qxa1 11. Nxc7+ Kd8 12. Nxa8 Nxa8 13. Nc3 Qxa2 14. Nxa2 a5
15. Nc3 h5 16. Nd5 Be6 17. Qa4 Bxd5 18. cxd5 Nb6 19. Qxa5 Kc7 20. e4 Nf6 21. d3
Ng4 22. Bf4+ Bd6 23. e5 Nxe5 24. d4 Nf3+ 25. Kd1 Nxd4 26. Qc3+ Nc6 27. Bxd6+
Kxd6 28. Qxg7 Rd8 29. Qxf7 Rd7 30. Qxh5 Ne5 31. Qh6+ Kc7 32. Bb5 Nxd5 33. Bxd7
Kxd7 34. Re1 Nc3+ 35. Kc2 Nf3 36. Qe6+ Kd8 37. Qe7+ Kc8 38. Re6 Nd5 39. Qe8+ Kc7
40. Qf7+ Kb8 41. Qxf3 Nb4+ 42. Kb3 Nc6 43. Re8+ Ka7 44. Qe3+ b6 45. Ka4 Ka6 46.
Kb3 Ka5 47. Ra8+ Kb5 48. Qg5+ Ne5 49. Qxe5+ Kc6 50. Kb4 Kb7 51. Qd5+ Kc7 52. Rh8
b5 53. Kxb5 1/2-1/2

[Event "Challenge"]
[Site "http://www.queenalice.com/game.php?id=386745"]
[Date "2008.4.13"]
[Round "-"]
[White "clodoaldopaiva"]
[Black "tiagoaf"]
[Result "1-0"]
[WhiteElo "1516"]
[BlackElo "1343"]

1. e4 a6 2. d4 e6 3. e5 c6 4. c4 a5 5. Qf3 Qb6 6. c5 Qb4+ 7. Nc3 g5 8. Nh3 h6 9.
Be2 Ne7 10. O-O Nf5 11. a3 g4 12. Qxg4 Qb3 13. Ne4 Nxd4 14. Nf6+ Kd8 15. Qxd4
Be7 16. Ne4 Rf8 17. Bxh6 d5 18. Nd2 Qb5 19. Bxb5 cxb5 20. Bxf8 Bxf8 21. Qh4+ Kc7
22. Qf6 Bxc5 23. Qxf7+ Bd7 24. Nb3 Bb6 25. Rac1+ Nc6 26. Nc5 Nxe5 27. Nxd7+ Kd6
28. Nxe5 Kxe5 29. Rfe1+ Kd6 30. Qxe6# 1-0

[Event "Challenge"]
[Site "http://www.queenalice.com/game.php?id=388828"]
[Date "2008.4.16"]
[Round "-"]
[White "tiagoaf"]
[Black "pabloitu"]
[Result "1-0"]
[WhiteElo "1318"]
[BlackElo "1355"]

1. e4 Nc6 2. Nh3 e6 3. Nc3 Qf6 4. a3 Bc5 5. Nb5 Bb6 6. Qf3 Nd4 7. Nxd4 Bxd4 8.
Bc4 Bxb2 9. Rb1 Bd4 10. O-O Nh6 11. c3 d5 12. cxd4 dxc4 13. Ng5 Qxg5 14. d3 Qh4
15. g3 Qh3 16. Re1 Ng4 17. dxc4 Nxh2 18. Qg2 e5 19. Qxh2 exd4 20. Qxh3 Bxh3 21.
Rxb7 c5 22. a4 a5 23. Ba3 d3 24. Bxc5 d2 25. Re7+ Kd8 26. Rd1 Re8 27. Rxd2+ Bd7
28. Rdxd7+ Kc8 29. Rxe8+ Kxd7 30. Rxa8 g5 31. Rxa5 h5 32. Be3 f6 33. c5 h4 34.
gxh4 gxh4 35. f4 Kc6 36. e5 fxe5 37. fxe5 Kd5 38. Bf4 Ke4 39. Bh2 Kd5 40. Rb5
Kc6 41. Rb6+ Kxc5 42. a5 h3 43. e6 Kd4 44. e7 Kc4 45. e8=Q Kc3 46. Rd6 Kb4 47.
Qe5 Kb3 48. Qc5 1-0

[Event "Challenge"]
[Site "http://www.queenalice.com/game.php?id=393460"]
[Date "2008.4.25"]
[Round "-"]
[White "clodoaldopaiva"]
[Black "tiagoaf"]
[Result "1-0"]
[WhiteElo "1497"]
[BlackElo "1318"]

1. e4 e5 2. Nf3 d6 3. d4 exd4 4. Qxd4 c6 5. Bc4 d5 6. exd5 Qa5+ 7. Bd2 Qb6 8.
Qe5+ Kd7 9. Qf5+ Kc7 10. Bf4+ Kd8 11. Qxf7 Qa5+ 12. c3 cxd5 13. Qxf8+ Kd7 14.
Qxg7+ Kc6 15. Nd4+ Kc5 16. b4+ Kxc4 17. bxa5 Nd7 18. Na3+ Kxc3 19. Qxh8 Ne7 20.
Nf5+ Kd3 21. Nxe7 b6 22. Rc1 Bb7 23. Qc3+ Ke4 24. Qe3# 1-0

[Event "Challenge"]
[Site "http://www.queenalice.com/game.php?id=395602"]
[Date "2008.4.29"]
[Round "-"]
[White "Johansen"]
[Black "tiagoaf"]
[Result "0-1"]
[WhiteElo "1394"]
[BlackElo "1309"]

1. e4 e5 2. Nf3 c6 3. Be2 Qc7 4. O-O Na6 5. Bxa6 bxa6 6. d4 exd4 7. Qxd4 Bb7 8.
g3 O-O-O 9. Ne5 c5 10. Qc3 Bxe4 11. Nxf7 Ba8 12. Nxh8 Qb7 13. f3 Bd6 14. Nf7 Nf6
15. Nxd8 Kxd8 16. Rd1 Ke7 17. Bg5 h6 18. Bxf6+ gxf6 19. Re1+ Be5 20. Qxc5+ d6
21. Qe3 f5 22. f4 Qg2# 0-1

[Event "Challenge"]
[Site "http://www.queenalice.com/game.php?id=403406"]
[Date "2008.5.15"]
[Round "-"]
[White "clodoaldopaiva"]
[Black "tiagoaf"]
[Result "1-0"]
[WhiteElo "1478"]
[BlackElo "1328"]

1. e4 e5 2. d4 exd4 3. Qxd4 c5 4. Qe5+ Ne7 5. Qxc5 Nbc6 6. Qe3 g5 7. Bc4 d5 8.
exd5 Nb4 9. Bb3 Bg7 10. Qxg5 O-O 11. Bd2 Nbxd5 12. Nc3 h6 13. Qg3 Nxc3 14. Bxc3
Nf5 15. Qg4 Qg5 16. Qc4 Bxc3+ 17. bxc3 Be6 18. Qb5 Rfd8 19. Nf3 Qxg2 20. Rg1 Nd6
21. Rxg2+ Kf8 22. Qe5 Rac8 23. Qg7+ Ke7 24. Bxe6 Kxe6 25. Rd1 Rc4 26. Qxh6+ f6
27. Qh3+ f5 28. Rg6+ Kf7 29. Qh7+ Ke8 30. Rg8# 1-0

[Event "Challenge"]
[Site "http://www.queenalice.com/game.php?id=427727"]
[Date "2008.7.4"]
[Round "-"]
[White "tiagoaf"]
[Black "clodoaldopaiva"]
[Result "0-1"]
[WhiteElo "1335"]
[BlackElo "1548"]

1. e3 e5 2. c3 d5 3. b4 f5 4. Nh3 d4 5. c4 Bxb4 6. exd4 exd4 7. Qe2+ Ne7 8. Bb2
Nc6 9. a3 Ba5 10. c5 Qd5 11. f4 Qxc5 12. g3 O-O 13. Nc3 dxc3 14. dxc3 Bxc3+ 15.
Kd1 Rd8+ 16. Kc2 Nd4+ 17. Kd1 Nxe2+ 18. Kxe2 Rd2+ 19. Kf3 Qe3+ 20. Kxe3 Nd5+ 21.
Kf3 Bxb2 22. Re1 Bd7 23. Re2 Rd3+ 24. Kg2 Ne3+ 25. Kf2 Nd1+ 26. Kg1 Bd4+ 0-1